<?xml version="1.0" encoding="UTF-8"?>
<record
    xmlns:xsi="http://www.w3.org/2001/XMLSchema-instance"
    xsi:schemaLocation="http://www.loc.gov/MARC21/slim http://www.loc.gov/standards/marcxml/schema/MARC21slim.xsd"
    xmlns="http://www.loc.gov/MARC21/slim">

  <leader>00759nac a22001691u 4500</leader>
  <controlfield tag="008">101028s1982    xxu||||| |||| 00| 0 ara d</controlfield>
  <datafield tag="082" ind1=" " ind2=" ">
    <subfield code="a">207</subfield>
    <subfield code="b">&#x634; &#x64A; &#x628;</subfield>
  </datafield>
  <datafield tag="245" ind1=" " ind2=" ">
    <subfield code="a">&#x627;&#x644;&#x635;&#x644;&#x629; &#x628;&#x64A;&#x646; &#x627;&#x644;&#x62A;&#x635;&#x648;&#x641; &#x648;&#x627;&#x644;&#x62A;&#x634;&#x64A;&#x639;.2 :</subfield>
    <subfield code="b">"&#x627;&#x644;&#x646;&#x632;&#x639;&#x627;&#x62A; &#x627;&#x644;&#x635;&#x648;&#x641;&#x64A;&#x629; &#x641;&#x64A; &#x627;&#x644;&#x62A;&#x634;&#x64A;&#x639; " &#x645;&#x646; &#x628;&#x639;&#x62F; &#x639;&#x635;&#x631; &#x627;&#x644;&#x623;&#x626;&#x645;&#x629; &#x62D;&#x62A;&#x649; &#x633;&#x642;&#x648;&#x637; &#x627;&#x644;&#x62F;&#x648;&#x644;&#x629; &#x627;&#x644;&#x635;&#x641;&#x648;&#x64A;&#x629; /</subfield>
    <subfield code="c">&#x643;&#x627;&#x645;&#x644; &#x645;&#x635;&#x637;&#x641;&#x649; &#x627;&#x644;&#x634;&#x64A;&#x628;&#x64A;</subfield>
  </datafield>
  <datafield tag="250" ind1=" " ind2=" ">
    <subfield code="a">&#x637; 3.</subfield>
    <subfield code="b">&#x645;&#x631;&#x627;&#x62C;&#x639;&#x629; &#x648;&#x645;&#x632;&#x64A;&#x62F;&#x629;</subfield>
  </datafield>
  <datafield tag="260" ind1=" " ind2=" ">
    <subfield code="a">&#x628;&#x64A;&#x631;&#x648;&#x62A; :</subfield>
    <subfield code="b">&#x62F;&#x627;&#x631; &#x627;&#x644;&#x623;&#x646;&#x62F;&#x644;&#x633; &#x60C;1982</subfield>
    <subfield code="c">1982.</subfield>
  </datafield>
  <datafield tag="300" ind1=" " ind2=" ">
    <subfield code="a">543 &#x635; &#x61B;</subfield>
    <subfield code="c">24 &#x633;&#x645;.</subfield>
  </datafield>
  <datafield tag="504" ind1=" " ind2=" ">
    <subfield code="a">&#x64A;&#x634;&#x62A;&#x645;&#x644; &#x639;&#x644;&#x649; &#x625;&#x631;&#x62C;&#x627;&#x639;&#x627;&#x62A; &#x628;&#x628;&#x644;&#x64A;&#x648;&#x62C;&#x631;&#x627;&#x641;&#x64A;&#x629; &#x635; 382-422&#x648;&#x641;&#x647;&#x627;&#x631;&#x633;</subfield>
  </datafield>
  <datafield tag="511" ind1=" " ind2=" ">
    <subfield code="a">Catalogued by: Sara</subfield>
  </datafield>
  <datafield tag="650" ind1=" " ind2=" ">
    <subfield code="a">&#x627;&#x644;&#x62A;&#x635;&#x648;&#x641;.</subfield>
    <subfield code="9">8297</subfield>
  </datafield>
  <datafield tag="650" ind1=" " ind2=" ">
    <subfield code="a">&#x627;&#x644;&#x634;&#x64A;&#x639;&#x629;</subfield>
    <subfield code="9">14826</subfield>
  </datafield>
  <datafield tag="942" ind1=" " ind2=" ">
    <subfield code="c">BB</subfield>
    <subfield code="k">207 &#x634; &#x64A; &#x628; </subfield>
    <subfield code="2">ddc</subfield>
  </datafield>
  <datafield tag="999" ind1=" " ind2=" ">
    <subfield code="c">7686</subfield>
    <subfield code="d">7686</subfield>
  </datafield>
  <datafield tag="952" ind1=" " ind2=" ">
    <subfield code="0">0</subfield>
    <subfield code="1">0</subfield>
    <subfield code="2">ddc</subfield>
    <subfield code="4">0</subfield>
    <subfield code="7">0</subfield>
    <subfield code="8">Alef-Baa</subfield>
    <subfield code="a">MAIN</subfield>
    <subfield code="b">MAIN</subfield>
    <subfield code="c">LOW</subfield>
    <subfield code="d">2008-02-04</subfield>
    <subfield code="e">purchase</subfield>
    <subfield code="o">207 &#x634; &#x64A; &#x628;</subfield>
    <subfield code="p">000009366</subfield>
    <subfield code="r">2025-07-15 00:00:00</subfield>
    <subfield code="s">2016-04-04</subfield>
    <subfield code="y">BB</subfield>
  </datafield>
</record>
